Right Now - One Direction (All Lyrics) - Statistics

General Stats
  • This quiz has been taken 37 times
  • The average score is 213 of 240
Answer Stats
Answers % Correct
and
100%
And
100%
hear
100%
here
100%
I
100%
me
100%
Me
100%
now
100%
right
100%
Right
100%
we
100%
were
100%
wish
100%
with
100%
With
100%
you
100%
You
100%
every
96%
feel
96%
feeling
96%
Feeling
96%
is
96%
Know
96%
know
96%
new
96%
night
96%
to
96%
can't
92%
'Cause
92%
in
92%
The
92%
the
92%
Everything
88%
this
88%
be
83%
Be
83%
do
83%
it
83%
on
83%
(on
83%
That
83%
that
83%
yeah
83%
Yeah
83%
but
79%
fight
79%
For
79%
for
79%
go
79%
long
79%
my
79%
own
79%
own)
79%
so
79%
voices
79%
won't
79%
calling
75%
Down
75%
down
75%
love
75%
Love
75%
going
71%
Going
71%
home
71%
Just
71%
Lights
71%
street
71%
Whoa
67%
whoa
67%
like
63%
Singing
63%
songs
63%
used
63%
faces
58%
forever
58%
Our
58%
crazy
54%
Friends
54%
how
54%
let's
54%
together
54%
All
50%
could
50%
I'm
50%
Late
50%
these
50%
right now
38%
spaces
38%
No matching quizzes found
Score Distribution
Percent of People with Each Score
Percentile by Number Answered
Your Score History
You have not taken this quiz